00634nam a2200181 a 4500008004100000020001500041050002400056100002100080245004800101246005100149260008500200300001500285350000900300490002500309650001300334650004600347650005900393060410s2004 ||||||||||||||||| || u a2869781342 aCODESRIA(02)2004//6 aMamdani, Mahmood10aGood Muslim, bad Muslimcby Mahmood Mamdani aAmerica, the cold war, and the roots of terror aDakarbCouncil for the Development of Social Research in Africa (CODESRIA)c2004 axii; 304p. a0.00 aCODESRIA Book series aRELIGION aISLAM AND POLITICS--HISTORY--20TH CENTURY aUNITED STATES--FOREIGN RELATIONS--DEVELOPING COUNTRIES